[Event "Brambles Masters"]
[Site "?"]
[Date "2014.12.15"]
[Round "1"]
[White "Kirk, Ezra"]
[Black "Bai, Jinshi"]
[Result "0-1"]
[WhiteElo "2308"]
[BlackElo "2444"]

1.d4 d5 2.c4 c6 3.Nf3 Nf6 4.Nc3 dxc4 5.a4 Bf5 6.Nh4 e6 7.Nxf5 exf5 8.e3 Bb4
9.Bxc4 O-O 10.O-O Nbd7 11.Qc2 g6 12.f3 Nb6 13.Bb3 Re8 14.a5 Nbd5 15.Nxd5 cxd5
16.Bd2 Qd6 17.Rac1 Re6 18.Rfe1 Rae8 19.g3 h5 20.Kf2 h4 21.Bxb4 Qxb4 22.Qc3 Qd6
23.Qc5 Qd7 24.Qb4 Qd8 25.Ba4 R8e7 26.Qc5 Kg7 27.Qb5 Qh8 28.Qf1 hxg3+ 29.hxg3
f4 30.gxf4 Qh4+ 31.Kg2 Rxe3 32.Qf2 Qxf4 33.Rxe3 Rxe3 34.Rc7 Rd3 {#R} 0-1

[Event "Brambles Masters"]
[Site "?"]
[Date "2014.12.15"]
[Round "1"]
[White "Eggleston, David J"]
[Black "Ledger, Dave J"]
[Result "1/2-1/2"]
[WhiteElo "2416"]
[BlackElo "2252"]

1.e4 e5 2.Nf3 Nc6 3.Bc4 Bc5 4.c3 Nf6 5.d3 O-O 6.O-O d5 7.exd5 Nxd5 8.Re1 Bg4
9.h3 Bh5 10.Nbd2 Nb6 11.b4 Be7 12.g4 Bg6 13.b5 Na5 14.Nxe5 Naxc4 15.dxc4 Bf6
16.Nxg6 fxg6 17.Qb3 Bh4 18.Ne4 Bxf2+ 19.Nxf2 Qh4 20.Be3 Qg3+ 21.Kh1 Rae8
22.c5+ Kh8 23.c4 Qf3+ 24.Kg1 Qg3+ 25.Kh1 Qf3+ 26.Kg1 {#d} 1/2-1/2

[Event "Brambles Masters"]
[Site "?"]
[Date "2014.12.15"]
[Round "1"]
[White "Fier, Alexandr"]
[Black "Merry, Alan"]
[Result "1/2-1/2"]
[WhiteElo "2592"]
[BlackElo "2347"]

1.d4 d5 2.c4 dxc4 3.e3 e5 4.Bxc4 exd4 5.exd4 Nf6 6.Nf3 Bd6 7.O-O O-O 8.h3 h6
9.Nc3 Nc6 10.Qc2 Bd7 11.a3 Qc8 12.Nb5 Bxh3 13.gxh3 Qxh3 14.Qd3 Qg4+ 15.Kh1
Qh3+ 16.Kg1 Qg4+ {#d} 1/2-1/2

[Event "Brambles Masters"]
[Site "?"]
[Date "2014.12.15"]
[Round "1"]
[White "Fodor, Tamas Jr"]
[Black "Maisuradze, Nino"]
[Result "1-0"]
[WhiteElo "2499"]
[BlackElo "2323"]

1.d4 Nf6 2.c4 c5 3.d5 e6 4.Nc3 exd5 5.cxd5 d6 6.Nf3 g6 7.Bf4 a6 8.a4 Bg7 9.e3
O-O 10.Bd3 Re8 11.h3 Nbd7 12.O-O Ne5 13.Nxe5 dxe5 14.Bg5 h6 15.Bh4 g5 16.Bg3
g4 17.hxg4 Bxg4 18.Qb3 b6 19.f3 Nh5 20.Bf2 Bc8 21.Rad1 Ra7 22.Qc2 Kh8 23.b3
Rg8 24.Bh7 Rf8 25.Bf5 Rg8 26.g4 e4 27.Bxe4 Qg5 28.Bh7 Bxg4 29.Ne4 Bf5+ 30.Nxg5
Bxc2 31.Bxc2 Bf8 32.Be1 Rxg5+ 33.Kf2 Rd7 34.Rh1 Nf6 35.Bc3 Bg7 36.Rxh6+ Bxh6
37.Bxf6+ Kg8 38.Bxg5 Bxg5 39.Bf5 Bh4+ 40.Ke2 Rd6 41.Bd3 a5 42.e4 Bf6 43.f4 Bd4
44.Bc4 Rh6 45.e5 Rh3 46.Rd3 Rxd3 47.Kxd3 Kf8 48.d6 Ke8 49.Ke4 Bg1 50.f5 {#r}
1-0

[Event "Brambles Masters"]
[Site "?"]
[Date "2014.12.15"]
[Round "1"]
[White "Sowray, Peter J"]
[Black "Willmoth, Robert F"]
[Result "1-0"]
[WhiteElo "2365"]
[BlackElo "2182"]

1.d4 Nf6 2.c4 e6 3.Nc3 Bb4 4.e3 O-O 5.Ne2 d5 6.a3 Bd6 7.Ng3 c5 8.dxc5 Bxc5
9.b4 Be7 10.Bb2 Nc6 11.Qc2 Bd7 12.Rd1 Rc8 13.Qb3 dxc4 14.Bxc4 a6 15.O-O Qc7
16.Nce4 Nxe4 17.Nxe4 b5 18.Qc3 e5 19.Bd5 Kh8 20.Rd2 f6 21.Nc5 Bxc5 22.Qxc5 Qb8
23.Be4 Rf7 24.Rfd1 Be8 25.Bf5 Rcc7 26.Qd5 g6 27.Be6 Rfe7 28.Qd6 Qa7 29.g4 g5
30.Bf5 Kg7 31.Rc1 Nb8 32.Rxc7 Rxc7 33.h4 h6 34.hxg5 hxg5 35.Bxe5 fxe5 36.Qxe5+
Kf8 37.Rd8 Re7 38.Qxb8 Kf7 39.Rxe8 {#r} 1-0

[Event "Brambles Masters"]
[Site "?"]
[Date "2014.12.15"]
[Round "1"]
[White "Richardson, John R"]
[Black "Vakhidov, Jahongir"]
[Result "0-1"]
[WhiteElo "2338"]
[BlackElo "2502"]

1.d4 Nf6 2.c4 c5 3.d5 e5 4.Nc3 d6 5.g3 Nbd7 6.Bg2 a6 7.a4 g6 8.Nf3 Bg7 9.O-O
O-O 10.e4 Ne8 11.Bg5 f6 12.Bd2 Rb8 13.Qc2 Qe7 14.Nh4 Bh8 15.Rae1 b6 16.f4 Nc7
17.Bh3 Bg7 18.Be6+ Nxe6 19.dxe6 Qxe6 20.f5 Qf7 21.fxg6 hxg6 22.Nd5 Kh7 23.Qd3
b5 24.g4 Nb6 25.Qh3 Kg8 26.Nxg6 Nxd5 27.Nxf8 Ne7 28.Qd3 Bxg4 29.h3 Bc8 30.Qxd6
Rb7 31.Bg5 Qxf8 32.Bxf6 Ng6 33.Qd5+ Kh7 34.Bg5 Nf4 35.Bxf4 exf4 36.Qh5+ Bh6
37.Kh1 bxc4 38.Rg1 Qf7 39.Qxc5 Rc7 40.Qd6 Rd7 41.Qc5 Bb7 42.Rg4 Re7 43.Kg1
Rxe4 44.Rd1 f3 45.Kf1 Rxg4 46.hxg4 Be4 47.Kf2 Bd3 48.g5 Qh5 49.Rxd3 cxd3
50.Qe7+ Bg7 51.Qe4+ Qg6 52.Qh4+ Bh6 53.gxh6 Qg2+ 54.Ke3 Qe2+ {#R} 0-1

[Event "Brambles Masters"]
[Site "?"]
[Date "2014.12.15"]
[Round "1"]
[White "Warman, Simon M"]
[Black "Wallace, John Paul"]
[Result "0-1"]
[WhiteElo "2112"]
[BlackElo "2404"]

1.e4 c5 2.f4 e6 3.Nf3 a6 4.Nc3 b5 5.e5 Bb7 6.d3 d6 7.exd6 Bxd6 8.Ne4 Nf6 9.a4
O-O 10.Be3 Nxe4 11.dxe4 Bxe4 12.Ng5 Bd5 13.axb5 axb5 14.Rxa8 Bxa8 15.Qd3 g6
16.Qxb5 Nd7 17.Kf2 e5 18.f5 gxf5 19.Bc4 f4 20.Nxf7 fxe3+ 21.Ke2 Rxf7 22.Rf1
Nf6 23.Qb3 Bd5 24.Bxd5 Nxd5 25.Qxd5 Qe7 26.Kxe3 Bb8 27.Ke2 Kg7 28.Rxf7+ Qxf7
29.Qxc5 Qb7 30.Kd1 Kf7 31.Qc4+ Ke7 32.Qg8 Kd6 33.Kc1 e4 34.b4 Ba7 35.c4 Ke5
36.Qh8+ Kf4 37.Qf6+ Ke3 38.Qc3+ Kf2 39.Qg3+ Kf1 40.c5 Qxb4 41.Qf4+ Kg1 42.c6
Qc3+ 43.Kb1 Qb3+ {#R} 0-1

[Event "Brambles Administration Ltd. Hampstead M"]
[Site "London, England"]
[Date "2014.12.16"]
[Round "2"]
[White "Bai, Jinshi"]
[Black "Fodor, Tamas Jr"]
[Result "1/2-1/2"]
[WhiteElo "2444"]
[BlackElo "2499"]

1. d4 Nf6 2. c4 e6 3. g3 Bb4+ 4. Bd2 a5 5. Bg2 c5 6. Bxb4 axb4 7. dxc5 Na6 8.
Qa4 Qe7 9. Nd2 Qxc5 10. Ngf3 O-O 11. O-O d6 12. a3 Bd7 13. axb4 Qxb4 14. Qxb4
Nxb4 15. Nd4 Bc6 {#d} 1/2-1/2

[Event "Brambles Administration Ltd. Hampstead M"]
[Site "London, England"]
[Date "2014.12.16"]
[Round "2"]
[White "Ledger, Dave J"]
[Black "Lalic, Bogdan"]
[Result "1/2-1/2"]
[WhiteElo "2252"]
[BlackElo "2479"]

1. e4 c5 2. Nf3 e6 3. d4 cxd4 4. Nxd4 Nc6 5. Nc3 Qc7 6. Nb3 a6 7. Bd3 Nf6 8.
O-O Be7 9. Qe2 d6 10. f4 b5 11. a3 O-O 12. Bd2 Rb8 13. Rf3 Re8 {#d} 1/2-1/2

[Event "Brambles Administration Ltd. Hampstead M"]
[Site "London, England"]
[Date "2014.12.16"]
[Round "2"]
[White "Wallace, John-Paul"]
[Black "Fier, Alexandr"]
[Result "0-1"]
[WhiteElo "2404"]
[BlackElo "2592"]

1. d4 Nf6 2. c4 g6 3. Nc3 d5 4. cxd5 Nxd5 5. e4 Nxc3 6. bxc3 Bg7 7. Nf3 c5 8.
Be3 Qa5 9. Bd2 O-O 10. Be2 Qc7 11. O-O Nc6 12. Rc1 b6 13. d5 Na5 14. c4 Nb7
15. h3 e5 16. Bc3 Qe7 17. Qc2 Bd7 18. Qb2 Rae8 19. Rfe1 Nd6 20. Bf1 f5 21.
exf5 Rxf5 22. Nh2 h5 23. Bd3 e4 24. f3 Bxc3 25. Qxc3 e3 26. Bxf5 Nxf5 27. f4
Nd4 28. Nf1 e2 29. Nd2 Qh4 30. Kh2 Qxf4+ 31. Qg3 Qf6 32. Nf3 Re3 33. Qb8+ Kg7
34. Nxd4 cxd4 35. Qc7 Re7 36. Rc2 Bf5 {#R} 0-1

[Event "Brambles Administration Ltd. Hampstead M"]
[Site "London, England"]
[Date "2014.12.16"]
[Round "2"]
[White "Vakhidov, Jahongir"]
[Black "Sowray, Peter J"]
[Result "1-0"]
[WhiteElo "2502"]
[BlackElo "2365"]

1. Nf3 Nf6 2. d4 e6 3. e3 d5 4. Bd3 c5 5. b3 Nc6 6. O-O Bd6 7. Bb2 b6 8. Nbd2
O-O 9. Ne5 Bb7 10. f4 cxd4 11. exd4 Nb4 12. Be2 Ne4 13. a3 Nc6 14. Kh1 Qc7 15.
Bd3 Ne7 16. Qe2 Nxd2 17. Qxd2 f6 18. Qe2 Nf5 19. Ng4 Qf7 20. Ne3 Nxe3 21. Qxe3
Rae8 22. a4 Qc7 23. a5 Bc6 24. axb6 axb6 25. Ba3 Bd7 26. Bxd6 Qxd6 27. Ra7 Ra8
28. Rfa1 Rxa7 29. Rxa7 Qc6 30. h3 Ra8 31. Bb5 {#r} 1-0

[Event "Brambles Administration Ltd. Hampstead M"]
[Site "London, England"]
[Date "2014.12.16"]
[Round "2"]
[White "Willmoth, Robert F"]
[Black "Richardson, John R"]
[Result "0-1"]
[WhiteElo "2182"]
[BlackElo "2338"]

1. Nf3 Nf6 2. b3 d5 3. Bb2 e6 4. e3 b6 5. g3 Bb7 6. Bg2 c5 7. O-O Nc6 8. c4
Be7 9. cxd5 exd5 10. d4 O-O 11. Nc3 Rc8 12. a3 Re8 13. Rc1 Bf8 14. Qd3 Na5 15.
Nd2 c4 16. bxc4 Ba6 17. Rfd1 Bxc4 18. Nxc4 Nxc4 19. Qb1 Qd7 20. a4 Rc6 21. Ba1
Rec8 22. Qa2 Bb4 23. Qe2 Na5 24. Na2 Rxc1 25. Nxc1 Qxa4 26. Nd3 Rc2 27. Qf3
Rd2 28. Rxd2 Bxd2 29. Bb2 Qc2 30. Qf4 h6 31. Bf1 Qc8 32. Ba3 Nc4 33. Be7 Ne4
34. g4 Qe6 35. Bh4 Kh7 36. Bg3 a5 37. h4 a4 38. Bh3 g5 39. hxg5 hxg5 40. Qb8
Nxg3 41. Qxg3 a3 42. Qb8 a2 {#R} 0-1

[Event "Brambles Administration Ltd. Hampstead M"]
[Site "London, England"]
[Date "2014.12.16"]
[Round "2"]
[White "Maisuradze, Nino"]
[Black "Kirk, Ezra"]
[Result "1/2-1/2"]
[WhiteElo "2323"]
[BlackElo "2308"]

1. d4 Nf6 2. c4 g6 3. Nf3 Bg7 4. g3 O-O 5. Bg2 d6 6. O-O Nc6 7. Nc3 Bg4 8. h3
Bxf3 9. Bxf3 Nd7 10. e3 e5 11. Ne2 exd4 12. exd4 Qf6 13. Bxc6 bxc6 14. b3 a5
15. Bb2 a4 16. b4 a3 17. Bc3 Qf3 18. Rc1 d5 19. Nf4 Qxd1 20. Rfxd1 Nb6 21.
cxd5 cxd5 22. Bd2 Rfc8 23. Rc6 Bf8 24. Nd3 Nc4 25. Bf4 Nb2 26. Rd2 Nxd3 27.
Rxd3 Ra4 28. Kg2 Bxb4 29. Rxc7 Rxc7 30. Bxc7 Kf8 31. Re3 Be7 32. Bb6 Rc4 33.
Bc5 Bxc5 34. dxc5 Rxc5 35. Rxa3 Ke7 36. Kf3 Rc2 37. Ke3 h5 38. h4 Ke6 39. Ra4
Ke5 40. Ra5 f6 41. f4+ Ke6 42. a4 Rc3+ 43. Kf2 Ra3 44. Ra6+ Kf5 45. Rd6 Rxa4
46. Rxd5+ Kg4 47. Rd6 Ra2+ 48. Ke1 Kxg3 {#d} 1/2-1/2

[Event "Brambles Administration Ltd. Hampstead M"]
[Site "London, England"]
[Date "2014.12.16"]
[Round "2"]
[White "Merry, Alan"]
[Black "Eggleston, David J"]
[Result "1/2-1/2"]
[WhiteElo "2347"]
[BlackElo "2416"]

1. e4 c5 2. d3 e6 3. g3 Nc6 4. Bg2 g6 5. f4 Bg7 6. Nf3 Nge7 7. O-O d5 8. c3 b6
9. e5 Nf5 10. Na3 h5 11. Nc2 Bb7 12. d4 Qe7 13. Re1 Rc8 14. Ne3 cxd4 15. Nxf5
gxf5 16. cxd4 Qd7 17. Be3 Bf8 18. Rc1 Be7 19. h4 Ba6 20. Bd2 Bd3 21. Re3 Be4
22. Rec3 b5 23. Bf1 a6 24. a3 Kf8 25. Ng5 Kg7 26. Be3 Na7 27. a4 Rxc3 28. Rxc3
bxa4 29. Bxa6 Bb4 30. Rc1 a3 31. bxa3 Bxa3 32. Rc3 Bb4 33. Rc1 Ba3 34. Ra1 Be7
35. Nxe4 fxe4 36. Be2 Qb7 37. Bxh5 Nc6 38. Qg4+ Kf8 39. f5 Qb3 40. Ra8+ Bd8
41. Bc1 exf5 42. Qxf5 Qxg3+ 43. Kf1 Qd3+ 44. Ke1 Qg3+ 45. Kf1 {#d} 1/2-1/2

[Event "Brambles Administration Ltd. Hampstead M"]
[Site "London, England"]
[Date "2014.12.17"]
[Round "3"]
[White "Lalic, Bogdan"]
[Black "Merry, Alan"]
[Result "1-0"]
[WhiteElo "2479"]
[BlackElo "2347"]

1. d4 d5 2. c4 dxc4 3. e3 e5 4. Bxc4 exd4 5. exd4 Nf6 6. Nf3 Bd6 7. Qe2+ Qe7
8. Qxe7+ Bxe7 9. O-O O-O 10. Re1 Bd6 11. Bg5 Nbd7 12. Nc3 c6 13. Bb3 h6 14.
Bh4 Re8 15. Rxe8+ Nxe8 16. Ne4 Nb6 17. Re1 Nd5 18. Nxd6 Nxd6 19. Bg3 Nf5 20.
Re8+ Kh7 21. Bc2 g6 22. Bxf5 gxf5 23. Be5 f6 24. Bd6 b6 25. Rd8 Kg6 26. Nh4+
Kg5 27. g3 Bb7 28. Rd7 {#r} 1-0

[Event "Brambles Administration Ltd. Hampstead M"]
[Site "London, England"]
[Date "2014.12.17"]
[Round "3"]
[White "Fier, Alexandr"]
[Black "Bai, Jinshi"]
[Result "1-0"]
[WhiteElo "2592"]
[BlackElo "2444"]

1. d4 Nf6 2. c4 c6 3. Nc3 d5 4. e3 Bf5 5. cxd5 cxd5 6. Qb3 Bc8 7. Nf3 Nc6 8.
Ne5 e6 9. f4 Be7 10. Bd3 O-O 11. O-O Nd7 12. Bd2 Ndxe5 13. fxe5 f6 14. exf6
Bxf6 15. Rf3 Qe7 16. Raf1 Bd7 17. Be1 b6 18. Bg3 Nb4 19. Bb1 Bg5 20. h4 Bh6
21. a3 Rxf3 22. Rxf3 Nc6 23. h5 Rf8 24. Qc2 Rxf3 25. Qxh7+ Kf7 26. Bg6+ Kf6
27. gxf3 Bxe3+ 28. Kg2 Qf8 29. f4 Ke7 30. Bh4+ {#r} 1-0

[Event "Brambles Administration Ltd. Hampstead M"]
[Site "London, England"]
[Date "2014.12.17"]
[Round "3"]
[White "Fodor, Tamas Jr"]
[Black "Vakhidov, Jahongir"]
[Result "1-0"]
[WhiteElo "2499"]
[BlackElo "2502"]

1. d4 d6 2. c4 g6 3. Nc3 Bg7 4. e4 Nc6 5. Be3 Nf6 6. Be2 O-O 7. d5 Ne5 8. h3
Ned7 9. Nf3 e6 10. O-O Re8 11. Qc2 a6 12. Rfe1 Qe7 13. Bd3 Nc5 14. Bxc5 dxc5
15. e5 Nd7 16. dxe6 fxe6 17. Re3 Rf8 18. Rae1 Rb8 19. h4 Bh6 20. Re4 b6 21.
Rg4 Bb7 22. Ng5 Kh8 23. Re3 Rf5 24. f4 Rbf8 25. Bxf5 gxf5 26. Rgg3 Nb8 27. Qd1
Bg7 28. Qh5 h6 29. Qg6 hxg5 30. Rxg5 Rf7 31. Reg3 Qd7 32. h5 Qd4+ 33. Kh2 Qxf4
34. Qxf7 Qh4+ 35. Kg1 Qd4+ 36. Kf1 Qf4+ 37. Ke2 Qxe5+ 38. Re3 Qf6 39. Qxf6
Bxf6 40. Rg6 Bxc3 41. Rxc3 {#r} 1-0

[Event "Brambles Administration Ltd. Hampstead M"]
[Site "London, England"]
[Date "2014.12.17"]
[Round "3"]
[White "Sowray, Peter J"]
[Black "Ledger, Dave J"]
[Result "0-1"]
[WhiteElo "2365"]
[BlackElo "2252"]

1. d4 Nf6 2. c4 g6 3. Nc3 Bg7 4. e4 d6 5. f3 O-O 6. Be3 c5 7. Nge2 Nc6 8. d5
Ne5 9. Ng3 h5 10. Be2 e6 11. O-O exd5 12. cxd5 a6 13. a4 Nh7 14. Qd2 Bd7 15.
a5 h4 16. Nh1 f5 17. Nf2 Qf6 18. f4 Nf7 19. Ra3 fxe4 20. Rb3 Rab8 21. Ncxe4
Qe7 22. Bd3 Nh6 23. Rb6 Nf5 24. b4 Nxe3 25. Qxe3 Bd4 26. Qd2 Nf6 27. Re1 Nxe4
28. Rxe4 Qf6 29. Bf1 Bf5 30. Re2 c4 31. g4 hxg3 32. hxg3 c3 33. Qc1 Bxb6 34.
axb6 Qd4 35. Kh2 Rbe8 36. Nh3 Rxe2+ 37. Bxe2 Re8 {#R} 0-1

[Event "Brambles Administration Ltd. Hampstead M"]
[Site "London, England"]
[Date "2014.12.17"]
[Round "3"]
[White "Kirk, Ezra"]
[Black "Willmoth, Robert F"]
[Result "1/2-1/2"]
[WhiteElo "2308"]
[BlackElo "2182"]

1. d4 d6 2. Nf3 Bg4 3. c4 Nd7 4. Nc3 g6 5. Ng5 h6 6. Nxf7 Kxf7 7. h3 Bxe2 8.
Bxe2 Bg7 9. h4 e6 10. h5 g5 11. Bd3 Ne7 12. O-O Nf6 13. Re1 Qd7 14. Ne4 Nxe4
15. Bxe4 d5 16. cxd5 exd5 17. Bc2 Bf6 18. Qd3 Raf8 19. Bd2 Rfg8 20. Re3 Rg7
21. Rae1 Rd8 22. Rf3 Ng8 23. Bxg5 Rxg5 24. Re5 Rg7 25. Qe3 Qc6 26. Bg6+ Rxg6
27. hxg6+ Kxg6 28. Re6 Qc2 29. Re8 Rxe8 30. Qxe8+ Kg7 31. Rg3+ Bg5 32. Qd7+
Kh8 33. Qxd5 Qd1+ 34. Kh2 Qh5+ 35. Kg1 {#d} 1/2-1/2

[Event "Brambles Administration Ltd. Hampstead M"]
[Site "London, England"]
[Date "2014.12.17"]
[Round "3"]
[White "Eggleston, David J"]
[Black "Wallace, John Paul"]
[Result "1-0"]
[WhiteElo "2416"]
[BlackElo "2404"]

1. e4 c5 2. Nf3 d6 3. d4 cxd4 4. Nxd4 Nf6 5. Nc3 a6 6. Be3 e5 7. Nb3 Be7 8. f3
O-O 9. Qd2 Be6 10. O-O-O a5 11. Kb1 a4 12. Nc1 a3 13. b3 Ra5 14. g4 d5 15. g5
Ng4 16. fxg4 d4 17. Qe1 Bb4 18. Bd2 dxc3 19. Be3 Qe7 20. Rg1 Bc5 21. h4 Nc6
22. Qxc3 Rc8 23. Qe1 Qc7 24. c4 Nd4 25. Rg2 Nf3 26. Qf2 Bxe3 27. Qxf3 Bd4 28.
Rc2 b5 29. c5 b4 30. c6 Qb6 31. Ne2 Bc5 32. Ng3 Rxc6 33. Rdc1 Rd6 34. Nf5 Bxf5
35. Qxf5 Rd8 36. Bc4 Ra7 37. Bd5 g6 38. Qf3 Be3 39. Rd1 Bf4 40. Rc6 Qb8 41.
Qd3 Rc8 42. Qc4 Rac7 43. Bxf7+ Kg7 44. Be8 Kh8 45. Qc5 Kg8 46. Qd5+ Kh8 47.
Qd6 Kg8 48. Qe6+ Kh8 49. Qf6+ Kg8 50. Bd7 Rxc6 51. Bxc6 {#r} 1-0

[Event "Brambles Administration Ltd. Hampstead M"]
[Site "London, England"]
[Date "2014.12.17"]
[Round "3"]
[White "Richardson, John R"]
[Black "Maisuradze, Nino"]
[Result "0-1"]
[WhiteElo "2338"]
[BlackElo "2323"]

1. d4 Nf6 2. c4 c5 3. d5 e6 4. Nc3 exd5 5. cxd5 d6 6. g3 g6 7. Bg2 Bg7 8. Nf3
O-O 9. O-O Re8 10. Nd2 b6 11. a4 Ba6 12. Nb5 Nbd7 13. h3 Bxb5 14. axb5 Qe7 15.
e4 Ne5 16. Qc2 g5 17. Ra4 h6 18. b3 Qd7 19. Nc4 g4 20. Nxe5 Rxe5 21. h4 Qxb5
22. Bf4 Nd7 23. Rfa1 Ree8 24. Bf1 c4 25. Bxc4 Qc5 26. Be3 Qc7 27. Rc1 Ne5 28.
Bb5 Qxc2 29. Rxc2 Rac8 30. Rxc8 Rxc8 31. Rxa7 Rc3 32. Ra3 Nf3+ 33. Kf1 Bd4 34.
Bxh6 Bc5 35. Ra8+ Kh7 36. Be3 Bxe3 37. fxe3 Rxb3 38. Bd7 Rb4 39. Ke2 Rb2+ 40.
Kd1 Ne5 41. Bf5+ Kg7 42. Rd8 Rg2 43. Rxd6 Rxg3 44. Rxb6 Rg1+ 45. Ke2 g3 46.
Bh3 Rh1 47. Bg2 Rh2 48. Kf1 Nc4 49. Rb8 Nxe3+ 50. Ke2 Nxg2 51. Kf3 Ne1+ 52.
Kxg3 Rg2+ 53. Kf4 Nd3+ 54. Ke3 Ne5 55. Kd4 f6 56. Rb7+ Kg6 57. Kc5 Rc2+ 58.
Kd6 Rh2 59. Ke6 Rxh4 60. Rb4 Nd3 61. Rb1 Rxe4+ 62. Kd7 Ne5+ 63. Ke7 Nc4+ 64.
Kd7 f5 65. Rd1 f4 66. d6 Kf5 67. Kc7 Ne5 68. d7 Nxd7 69. Kxd7 f3 70. Kd6 f2
71. Rf1 Rf4 72. Kd5 Kg4 73. Ke5 Kg3 {#R} 0-1

[Event "Brambles Administration Ltd. Hampstead M"]
[Site "London, England"]
[Date "2014.12.19"]
[Round "5"]
[White "Eggleston, David J"]
[Black "Fodor, Tamas Jr"]
[Result "1-0"]
[WhiteElo "2416"]
[BlackElo "2499"]

1. e4 e5 2. Nf3 Nc6 3. Bc4 Bc5 4. c3 Nf6 5. d3 a6 6. O-O d6 7. Bb3 Ba7 8. Nbd2
O-O 9. h3 Ne7 10. Re1 Ng6 11. Nf1 h6 12. Ng3 c6 13. d4 Qc7 14. Be3 Rd8 15. Qd2
c5 16. Rad1 Be6 17. Bxh6 gxh6 18. Qxh6 c4 19. Ng5 Qe7 20. Nf5 Bxf5 21. exf5
Qf8 22. Qxf8+ Nxf8 23. Bxc4 d5 24. dxe5 dxc4 25. exf6 Rxd1 26. Rxd1 Re8 27.
Kf1 Bb6 28. g4 Rd8 29. Rxd8 Bxd8 30. Ne4 Nd7 31. g5 Ne5 32. h4 Nf3 33. Kg2
Nxh4+ 34. Kg3 Nxf5+ 35. Kg4 Ng7 36. fxg7 Kxg7 37. Nc5 Bb6 38. Nxb7 Bxf2 39.
Kf5 Be3 40. Nd6 Bc1 41. Nxc4 {#r} 1-0

[Event "Brambles Administration Ltd. Hampstead M"]
[Site "London, England"]
[Date "2014.12.19"]
[Round "5"]
[White "Fier, Alexandr"]
[Black "Vakhidov, Jahongir"]
[Result "1/2-1/2"]
[WhiteElo "2592"]
[BlackElo "2502"]

1. d4 Nf6 2. c4 c5 3. d5 e5 4. Nc3 d6 5. e4 Nbd7 6. Be2 Be7 7. h4 a6 8. a4 Rb8
9. h5 h6 10. g3 Nf8 11. Be3 N8h7 12. f3 Bd7 13. Qc2 Qc8 14. O-O-O Bd8 15. Bd3
Ba5 16. Nge2 O-O 17. b3 Ne8 18. f4 Nef6 19. Rdf1 Bh3 20. Rfg1 Bg4 21. Rh4 Bd8
22. f5 Bf3 23. Bd2 Ng4 24. Rf1 Bxe2 25. Bxe2 Ngf6 26. Qd3 Ne8 27. Kc2 Bg5 28.
Be1 Nc7 29. Rh2 Qd7 30. Bf2 b6 31. Ra1 Rb7 32. Rhh1 Rfb8 33. Qf3 Bd8 34. Bd3
Kh8 35. Qe2 Bg5 36. Rhb1 Nf6 37. Ra2 Ng8 38. Rab2 a5 {#d} 1/2-1/2

[Event "Brambles Administration Ltd. Hampstead M"]
[Site "London, England"]
[Date "2014.12.19"]
[Round "5"]
[White "Richardson, John R"]
[Black "Lalic, Bogdan"]
[Result "0-1"]
[WhiteElo "2338"]
[BlackElo "2479"]

1. d4 Nf6 2. c4 e6 3. Nc3 Bb4 4. Qc2 d5 5. Nf3 dxc4 6. e3 b5 7. a4 c6 8. g3
Bb7 9. Bg2 Nbd7 10. O-O a6 11. Bd2 Be7 12. Ne5 Nxe5 13. dxe5 Nd5 14. Ne4 O-O
15. b3 cxb3 16. Qxb3 Qc7 17. f4 Rfd8 18. Rfc1 Qb6 19. Rab1 Rac8 20. Kh1 h6 21.
Nd6 Bxd6 22. exd6 Rxd6 23. e4 Nf6 24. Be3 Qd8 25. Bc5 Rd3 26. Qb4 a5 27. Qe1
b4 28. Rd1 Ba6 29. Qg1 Nd7 30. Rxd3 Bxd3 31. Rd1 Bc2 32. Rd2 b3 33. Ba3 Qc7
34. Qd4 Nb6 35. Bb2 e5 36. fxe5 c5 37. Qf2 Nc4 {#R} 0-1

[Event "Brambles Administration Ltd. Hampstead M"]
[Site "London, England"]
[Date "2014.12.19"]
[Round "5"]
[White "Maisuradze, Nino"]
[Black "Sowray, Peter J"]
[Result "0-1"]
[WhiteElo "2323"]
[BlackElo "2365"]

1. d4 d6 2. Nf3 Nf6 3. Bg5 Nbd7 4. Nbd2 h6 5. Bh4 e5 6. dxe5 dxe5 7. e4 Be7 8.
Be2 c6 9. c3 Qc7 10. Qc2 Nf8 11. Nc4 Ng6 12. Bg3 Nd7 13. Nd4 O-O 14. Nf5 Nb6
15. Nce3 Bg5 16. O-O Be6 17. b3 Bf4 18. Bh5 Nc8 19. Rad1 Nce7 20. c4 Rfd8 21.
c5 Nf8 22. Nd6 Bxe3 23. fxe3 Neg6 24. Nf5 Rxd1 25. Rxd1 Rd8 26. Rd6 Rxd6 27.
cxd6 Qd7 28. Qd3 f6 29. Bg4 Kh7 30. h3 Nh8 31. Bh4 Nf7 32. Qd1 g6 33. Ne7 Bxg4
34. hxg4 Kg7 35. Qf3 Nh7 36. Qd1 Qxd6 37. Qxd6 Nxd6 {#R} 0-1

[Event "Brambles Administration Ltd. Hampstead M"]
[Site "London, England"]
[Date "2014.12.19"]
[Round "5"]
[White "Willmoth, Robert F"]
[Black "Wallace, John Paul"]
[Result "0-1"]
[WhiteElo "2182"]
[BlackElo "2404"]

1. d4 d5 2. g3 Nf6 3. Bg2 Nc6 4. Nf3 Bf5 5. a4 Qd7 6. h3 Nb4 7. Na3 Qxa4 8. b3
Qa5 9. O-O c6 10. c4 e6 11. Ne5 Be7 12. g4 Be4 13. f3 Bg6 14. h4 h5 15. Nxg6
fxg6 16. g5 Nd7 17. Bh3 Qc7 18. Qe1 e5 19. Bd2 a5 20. Qg3 O-O 21. Bc3 Rad8 22.
Rfd1 Qb6 23. Bxd7 Rxd7 24. Qxe5 Kh7 25. c5 Qd8 26. Kf2 b6 27. cxb6 Bd6 28. Qe3
Re7 29. Qd2 Bf4 30. Qe1 Qd7 31. Qf1 Rfe8 32. Bxb4 axb4 33. Nc2 Qf5 34. Ra2 Bd6
35. Re1 Qf4 36. Qg1 Qxh4+ 37. Kf1 Bg3 38. Raa1 Qh3+ 39. Qg2 Qxg2+ 40. Kxg2
Bxe1 41. Nxe1 Rxe2+ 42. Kf1 R2e3 43. b7 Rb8 44. Ra6 Rxb7 45. Rxc6 Rxb3 46. Rc5
Rc3 {#R} 0-1

[Event "Brambles Administration Ltd. Hampstead M"]
[Site "London, England"]
[Date "2014.12.19"]
[Round "5"]
[White "Merry, Alan"]
[Black "Kirk, Ezra"]
[Result "1-0"]
[WhiteElo "2347"]
[BlackElo "2308"]

1. e4 c5 2. Nf3 Nc6 3. Bb5 g6 4. Bxc6 bxc6 5. O-O Bg7 6. Re1 Nh6 7. c3 d6 8.
d4 Qb6 9. Nbd2 cxd4 10. cxd4 O-O 11. b3 Qa6 12. Bb2 f6 13. Qc2 Nf7 14. Rac1
Bb7 15. Qb1 e5 16. dxe5 fxe5 17. Nc4 Rad8 18. Rcd1 Rfe8 19. a4 Bc8 20. Qc2 Bg4
21. Rd3 d5 22. Ncd2 Be6 23. Rc3 Rc8 24. Rc5 Bf8 25. Nxe5 Nxe5 26. Bxe5 Bxc5
27. Qxc5 Qb6 28. Qc3 c5 29. Qf3 Rf8 30. Qe3 d4 31. Qh6 Rf7 32. Rc1 Bxb3 33.
Bxd4 Rd7 34. Nf3 Rcd8 35. Bc3 Bxa4 36. h4 Bd1 37. Ne5 Re7 38. Nc4 Qe6 39. Ne3
Be2 40. f3 Bb5 41. Ng4 Rf8 42. Qg5 Rc8 43. Nf6+ Kf7 44. Qh6 Qxf6 45. Bxf6 Kxf6
46. Qg5+ Kf7 47. Rxc5 Rxc5 48. Qxc5 a6 49. h5 {#r} 1-0

[Event "Brambles Administration Ltd. Hampstead M"]
[Site "London, England"]
[Date "2014.12.19"]
[Round "5"]
[White "Ledger, Dave J"]
[Black "Bai, Jinshi"]
[Result "0-1"]
[WhiteElo "2252"]
[BlackElo "2444"]

1. e4 c5 2. Nf3 e6 3. d4 cxd4 4. Nxd4 Nc6 5. Nc3 Qc7 6. g3 a6 7. Bg2 Nf6 8.
O-O Nxd4 9. Qxd4 Bc5 10. Bf4 d6 11. Qd2 h6 12. Rad1 e5 13. Be3 Be6 14. Bxc5
dxc5 15. Qd6 Qxd6 16. Rxd6 Ke7 17. Rb6 Rab8 18. Nd5+ Bxd5 19. exd5 Rhd8 20.
Re1 Nd7 21. d6+ Ke6 22. Rxb7 Rxb7 23. Bxb7 a5 24. Bc6 Kxd6 25. Bxd7 Rxd7 26.
Rd1+ Kc6 27. Rxd7 Kxd7 28. Kf1 f5 29. Ke2 Kd6 30. f3 Kd5 31. b3 c4 32. a3 cxb3
33. cxb3 Kd4 34. Kd2 g5 35. h3 f4 36. gxf4 gxf4 37. h4 h5 38. Kc2 Ke3 39. b4
axb4 40. axb4 e4 41. Kd1 Kxf3 42. b5 e3 43. Ke1 e2 44. b6 Ke3 45. b7 f3 46.
b8=R f2# 0-1